000 00671nam a22001577a 4500
003 OSt
005 20150923144918.0
008 150923b xxu||||| |||| 00| 0 eng d
040 _cRUA
082 _aAGR UK 2010 B046 Or.1
100 _91193
_aUK, VEASNE
245 _aEffect of various fertilizer application on growth and yield of phkaromduol rice ប្រសិទ្ទិភាពនៃការប្រើប្រាស់ជីប្រភេទខុសៗគ្នាលើការលូតលាស់ និងទិន្នផលពូជផ្ការំដួល
260 _aPhnom Penh
_bRUA
_c2010
300 _ax, 65p
_bill.
_c29cm.
942 _2ddc
_cAGR
999 _c1136
_d1136